000 00780nam a2200229 i 4500
001 bg
100 1 _aKOPERTOWSKA, Mirosława
245 1 0 _aZaawansowane możliwości bazy danych Access 2000 PL :
_bćwiczenia /
_cMirosława Kopertowska.
260 _aWarszawa :
_b"Mikom",
_c2000.
300 _a132 s. :
_bil. ;
_c24 cm +
_edyskietka.
500 _aNa okł. podtyt.: wersja polska : element pakietu Microsoft Office 2000.
650 9 _aAccess
655 _aĆwiczenia i zadania
020 _a8372790183
040 _cBPK
041 0 _apl
080 _a004.42:004.65](076)
920 _a83-7279-018-3
942 _cKS
008 s pl f |000 0 pol
856 _uhttp://koha.tu.koszalin.pl/cgi-bin/koha/opac-detail.pl?biblionumber=37021
_yKatalog online BPK
999 _c37021
_d37021